Statistics for Animals by Colour: Orange

Click here to take the quiz!

General Stats

  • This quiz has been taken 18 times
  • The average score is 9 of 11

Answer Stats

Answer% Correct
Lion
100%
Orange Starfish
100%
Tiger
100%
Clownfish
93%
Orange Slug
93%
Red Squirrel
93%
Rooster
93%
Orange Monarch Butterfly
80%
Orange Newt
73%
Emporer Shrimp
13%
Ruddy Shelduck
13%

Score Distribution

Percentile by Number Answered

Percent of People with Each Score

Your Score History

You have not taken this quiz